Personální management /

Na minha lista:
Detalhes bibliográficos
Autor principal: Stýblo, Jiří (Author)
Formato: Livro
Idioma:tcheco
Publicado em: Praha : Grada, 1993
Assuntos:
Acesso em linha:OBSAH
Tags: Adicionar Tag
Sem tags, seja o primeiro a adicionar uma tag!

MARC

LEADER 00000nam a22000003a 4500
001 stu40961
005 20150617225723.2
008 930608s1993----cs------------------cze-d
020 |a 80-85424-92-4 
040 |a STU  |b slo 
041 0 |a cze 
044 |a cs 
080 |a 658.3 
100 1 |a Stýblo, Jiří  |4 aut 
245 1 |a Personální management /  |c [aut.]Jiří Stýblo 
260 |a Praha :  |b Grada,  |c 1993 
300 |a 334 s 
650 7 |a Management personálny  |2 stusub 
650 7 |a personalistika  |2 stusub 
650 7 |a Management  |2 estusub 
856 4 |a https://sweb.mtf.stuba.sk/obsahy/personalni_management_93.pdf  |u https://sweb.mtf.stuba.sk/obsahy/personalni_management_93.pdf  |3 OBSAH 
996 |b 284M013327  |c M*8291-3  |l MMKN  |s A  |a 24  |w stu40961_0001 
996 |b 284M039987  |c M*8291-1  |l MMST  |s P  |a 0  |w stu40961_0002